Chapman Library

Life style Evangelism (Record no. 7090)

000 -LEADER
fixed length control field 00262nam a22001217a 4500
020 ## - INTERNATIONAL STANDARD BOOK NUMBER
ISBN 0930014464
050 ## - LIBRARY OF CONGRESS CALL NUMBER
Classification number BV 3790
100 ## - MAIN ENTRY--AUTHOR NAME
Personal name ALDRICH, Joseph C
245 ## - TITLE STATEMENT
Title Life style Evangelism
260 ## - PUBLICATION, DISTRIBUTION, ETC. (IMPRINT)
Place of publication Multimomah
Name of publisher Multimomah
Year of publication Oregon
300 ## - PHYSICAL DESCRIPTION
Number of Pages 246
942 ## - ADDED ENTRY ELEMENTS (KOHA)
Koha item type Books
Holdings
Koha item type Collection code Shelving location Accession Number Permanent Location Current Location Date acquired Full call number
BooksLendingLending9520Chapman LibraryChapman Library2019-08-27BV 3796


CSUC Chapman Library is a Koha Automated Library.


Contact us: library@csuc.edu.gh.